00344nam a2200121Ia 4500008004100000040001600041041001200057082001600069100001800085245006300103260004000166300001600206230917s9999||||xx |||||||||||||| ||und|| e69491aMAIN aEnglish a370.03 A38D aAggarwal, J C 0aDocumentation encyclopaedia of Unesco and education. 2 Pts aNew DelhibConcept Publishingc1991 avii, 799 p.